5 Biggest cities of Czech regions - Statistics

General Stats
  • This quiz has been taken 39 times
  • The average score is 36 of 65
Answer Stats
Region Answer % Correct
Central Bohemian (Středočeský) - 1# Prague
96%
Plzeň Region - 1# Pilsen
85%
South Bohemian (Jihočeský) - 1# České Budějovice
81%
Vysočina Region - 1# Jihlava
81%
Central Bohemian (Středočeský) - 2# Kladno
81%
South Moravian (Jihomoravský) Region - 1# Brno
78%
Karlovy Vary Region - 1# Carlsbad
78%
Central Bohemian (Středočeský) - 5# Kolín
78%
Liberec Region - 1# Liberec
78%
Central Bohemian (Středočeský) - 3# Mladá Boleslav
78%
Hradec Králové Region - 1# Hradec Králové
74%
Ústí nad Labem Region - 1# Ústí nad Labem
74%
Karlovy Vary Region - 2# Cheb
70%
Ústí nad Labem Region - 3# Děčín
70%
Olomouc Region - 1# Olomouc
70%
Moravian-Silesian (Moravskoslezský) Region - 3# Opava
70%
Moravian-Silesian (Moravskoslezský) Region - 1# Ostrava
70%
Pardubice Region - 1# Pardubice
70%
Central Bohemian (Středočeský) - 4# Příbram
70%
Zlín Region - 1# Zlín
70%
Moravian-Silesian (Moravskoslezský) Region - 2# Havířov
67%
South Bohemian (Jihočeský) - 4# Strakonice
67%
Moravian-Silesian (Moravskoslezský) Region - 4# Frýdek-Místek
63%
Moravian-Silesian (Moravskoslezský) Region - 5# Karviná
63%
Plzeň Region - 2# Klatovy
63%
South Bohemian (Jihočeský) - 2# Tábor
63%
Ústí nad Labem Region - 2# Teplice
63%
Liberec Region - 2# Jablonec nad Nisou
59%
Plzeň Region - 3# Rokycany
59%
Pardubice Region - 2# Chrudim
56%
South Bohemian (Jihočeský) - 3# Písek
56%
Karlovy Vary Region - 3# Sokolov
56%
Olomouc Region - 4# Šumperk
56%
South Moravian (Jihomoravský) Region - 2# Znojmo
56%
South Moravian (Jihomoravský) Region - 3# Břeclav
52%
South Bohemian (Jihočeský) - 5# Jindřichův Hradec
52%
Olomouc Region - 3# Přerov
52%
Plzeň Region - 4# Tachov
52%
Ústí nad Labem Region - 4# Chomutov
48%
Hradec Králové Region - 4# Jičín
48%
Olomouc Region - 2# Prostějov
48%
Zlín Region - 3# Uherské Hradiště
48%
South Moravian (Jihomoravský) Region - 5# Vyškov
48%
Liberec Region - 3# Česká Lípa
44%
South Moravian (Jihomoravský) Region - 4# Hodonín
44%
Ústí nad Labem Region - 5# Litoměřice
44%
Vysočina Region - 2# Třebíč
44%
Hradec Králové Region - 2# Trutnov
44%
Zlín Region - 4# Valašské Meziříčí
44%
Zlín Region - 2# Vsetín
44%
Vysočina Region - 4# Žďár nad Sázavou
44%
Plzeň Region - 5# Domažlice
41%
Hradec Králové Region - 3# Náchod
41%
Vysočina Region - 5# Pelhřimov
41%
Zlín Region - 5# Uherský Brod
41%
Pardubice Region - 4x Ústí nad Orlicí
41%
Vysočina Region - 3# Havlíčkův Brod
37%
Liberec Region - 5# Semily
37%
Karlovy Vary Region - 4# Ostrov
33%
Liberec Region - 4# Turnov
33%
Olomouc Region - 5# Hranice
30%
Pardubice Region - 3# Svitavy
30%
Karlovy Vary Region - 5# Chodov
22%
Pardubice Region - 5# Vysoké Mýto
22%
Hradec Králové Region - 5# Vrchlabí
19%
No matching quizzes found
Score Distribution
Percent of People with Each Score
Percentile by Number Answered
Your Score History
You have not taken this quiz